La herida del comienzo / (Record no. 103701)

MARC details
000 -LEADER
campo de control de longitud fija 00624nam a2200217 i 4500
001 - NÚMERO DE CONTROL
campo de control 103701
003 - IDENTIFICADOR DE NÚMERO DE CONTROL
campo de control ES-MaACL
005 - FECHA Y HORA DE LA ÚLTIMA TRANSACCIÓN
campo de control 20230906183428.0
007 - CAMPO FIJO DE DESCRIPCIÓN FÍSICA--INFORMACIÓN GENERAL
campo de control de longitud fija t|
008 - DATOS DE LONGITUD FIJA--INFORMACIÓN GENERAL
campo de control de longitud fija 060504s2005 sp ||||1| spa d
020 ## - NÚMERO INTERNACIONAL ESTÁNDAR DEL LIBRO
Número Internacional Estándar del Libro 84-95763-85-0
080 ## - NÚMERO DE LA CLASIFICACIÓN DECIMAL UNIVERSAL
Número de la Clasificación Decimal Universal 821.134.2(861)-14"19"
100 1# - ENTRADA PRINCIPAL--NOMBRE DE PERSONA
Nombre de persona García Quintero, Felipe.
9 (RLIN) 55147
245 13 - MENCIÓN DEL TÍTULO
Título La herida del comienzo /
Mención de responsabilidad, etc. Felipe García Quintero.
260 ## - PUBLICACIÓN, DISTRIBUCIÓN, ETC.
Lugar de publicación, distribución, etc. Granada :
Nombre del editor, distribuidor, etc. Asociación Cultural Alhaja,
Fecha de publicación, distribución, etc. 2005.
300 ## - DESCRIPCIÓN FÍSICA
Extensión 50 p. ;
Dimensiones 21 cm.
490 1# - MENCIÓN DE SERIE
Mención de serie Alhucema ;
Designación de volumen o secuencia 5
830 0# - PUNTO DE ACCESO ADICIONAL DE SERIE-TÍTULO UNIFORME
Título uniforme Alhucema ;
Designación de volumen o secuencia 5
9 (RLIN) 232599
852 ## - LOCALIZACIÓN
Ubicación ES-MaACL
Número de control de estantería 2201-F-8
Sublocalización o colección R.137137
Holdings
Estatus retirado Estado de pérdida Estado de daño No para préstamo Colección Biblioteca de origen Biblioteca actual Ubicación en estantería Fecha de adquisición Fuente de adquisición Total de préstamos Signatura topográfica completa Código de barras Visto por última vez Precio de reemplazo Tipo de ítem Koha
        Colección de folletos Biblioteca del Ateneo de Madrid Biblioteca del Ateneo de Madrid Depósito folletos 17/01/2008     2201-F-8 1108270 23/02/2023 23/02/2023 Folleto